Online katalóg knižníc regiónu Turca

Voľba (Record no. 22102)

MARC details
000 -LEADER
fixed length control field 01765cam a2200541 a 4500
001 - CONTROL NUMBER
control field 22102
003 - CONTROL NUMBER IDENTIFIER
control field VRT
005 - DATE AND TIME OF LATEST TRANSACTION
control field 20260320104752.0
008 - FIXED-LENGTH DATA ELEMENTS--GENERAL INFORMATION
fixed length control field 240313s2015 xo g 000 f slo
015 ## - NATIONAL BIBLIOGRAPHY NUMBER
National bibliography number SNBA2015/11
020 ## - INTERNATIONAL STANDARD BOOK NUMBER
International Standard Book Number 9788055143934
Qualifying information (viaz.)
035 ## - SYSTEM CONTROL NUMBER
System control number 525767FF-87C9-4EC7-A741-8094EBFECDB3
035 ## - SYSTEM CONTROL NUMBER
System control number urn:nbn:sk:snk-amlcng
035 ## - SYSTEM CONTROL NUMBER
System control number urn:nbn:sk:snk-am0091gx
039 #9 - LEVEL OF BIBLIOGRAPHIC CONTROL AND CODING DETAIL [OBSOLETE]
Level of rules in bibliographic description 202403131639
Level of effort used to assign nonsubject heading access points VLOAD
Level of effort used to assign subject headings 202206121113
Level of effort used to assign classification AUTHORITY
Level of effort used to assign subject headings 201607141209
Level of effort used to assign classification AUTHORITY
Level of effort used to assign subject headings 201606101918
Level of effort used to assign classification VLOAD
040 ## - CATALOGING SOURCE
Original cataloging agency POKPOH
Language of cataloging slo
Transcribing agency POKPOH
Modifying agency SNK
Description conventions AACR2
041 1# - LANGUAGE CODE
Language code of text/sound track or separate title slo
Language code of original eng
044 ## - COUNTRY OF PUBLISHING/PRODUCING ENTITY CODE
MARC country code xo
ISO country code SK
072 #7 - SUBJECT CATEGORY CODE
Subject category code 821.111(73)-3
Subject category code subdivision Americká próza
Source konspekt
080 ## - UNIVERSAL DECIMAL CLASSIFICATION NUMBER
Universal Decimal Classification number 821.111(73)-31
Edition identifier 2001
080 ## - UNIVERSAL DECIMAL CLASSIFICATION NUMBER
Universal Decimal Classification number (0:82-312.5)
Edition identifier 2001
100 1# - MAIN ENTRY--PERSONAL NAME
Personal name Sparks, Nicholas,
Dates associated with a name 1965-
Relationship aut
240 14 - UNIFORM TITLE
Uniform title The Choice
Language of a work Slovensky
245 10 - TITLE STATEMENT
Title Voľba
Statement of responsibility, etc. Nicholas Sparks ; [z anglického originálu] preložil Jozef Kot
260 ## - PUBLICATION, DISTRIBUTION, ETC.
Place of publication, distribution, etc. Bratislava
Name of publisher, distributor, etc. Ikar
Date of publication, distribution, etc. 2015
300 ## - PHYSICAL DESCRIPTION
Extent 317 s.
Dimensions 21 cm
655 #7 - INDEX TERM--GENRE/FORM
Genre/form data or focus term americké romány
Source of term SNKPH
655 #7 - INDEX TERM--GENRE/FORM
Genre/form data or focus term ľúbostné romány
Source of term SNKPH
655 #7 - INDEX TERM--GENRE/FORM
Genre/form data or focus term American fiction
Source of term SNKPHeng
655 #7 - INDEX TERM--GENRE/FORM
Genre/form data or focus term Love noveles
Source of term SNKPHeng
700 1# - ADDED ENTRY--PERSONAL NAME
Personal name Kot, Jozef,
Dates associated with a name 1936-2022
Relationship trl
910 ## - USER-OPTION DATA (OCLC)
User-option data pokpoh
910 ## - USER-OPTION DATA (OCLC)
User-option data pppk
910 ## - USER-OPTION DATA (OCLC)
User-option data ttkjf
910 ## - USER-OPTION DATA (OCLC)
User-option data hevk
910 ## - USER-OPTION DATA (OCLC)
User-option data snk
910 ## - USER-OPTION DATA (OCLC)
User-option data vthk
910 ## - USER-OPTION DATA (OCLC)
User-option data sllk
910 ## - USER-OPTION DATA (OCLC)
User-option data skpk
910 ## - USER-OPTION DATA (OCLC)
User-option data totk
942 ## - ADDED ENTRY ELEMENTS (KOHA)
Source of classification or shelving scheme Dewey Decimal Classification
Koha item type Krásna literatúra pre dospelých
Suppress in OPAC No
949 ## - LOCAL PROCESSING INFORMATION (OCLC)
6 270001000506655
a svkbbA 145843
b svkbbm 756246
949 ## - LOCAL PROCESSING INFORMATION (OCLC)
6 17A1171840
a snkSC 166246
b snk2015/26675
o 1962/2015
s 6100:20151104
949 ## - LOCAL PROCESSING INFORMATION (OCLC)
6 2889306102
a savukPV 21382
b savuk2015/3979
949 ## - LOCAL PROCESSING INFORMATION (OCLC)
6 17A1175235
a snkSC 166246 D1
b snk2015/32082
o 1962/2015
949 ## - LOCAL PROCESSING INFORMATION (OCLC)
6 273K0594955
a svkpoA 226963
b svkpo590557
Holdings
Stav vyradenia Strata Poškodenie Spôsob nadobudnutia Domovská knižnica Aktuálna knižnica Dátum nadobudnutia Total checkouts Čiarový kód exemplára Date last seen Typ exemplára
      Dar Obecná knižnica Horná Štubňa Obecná knižnica Horná Štubňa 20.03.2026   9788055143934 20.03.2026 Krásna literatúra pre dospelých
Projekt je podporený Slovenskou asociáciou knižníc
Prevádzkuje Turčianska knižnica Martin 2026